[Event "Hampstead op U1900 34th"]
[Site "Hampstead"]
[Date "2015.11.29"]
[Round "4"]
[White "Pepe, Salvatore"]
[Black "Mcquater, Cameron"]
[Result "0-1"]
[WhiteElo "1660"]
[BlackElo "1595"]
[PlyCount "100"]
[EventDate "2015.11.28"]
[EventType "swiss"]
[EventRounds "5"]
[EventCountry "ENG"]
[SourceTitle "EXT 2018"]
[Source "ChessBase"]
[SourceDate "2017.10.13"]
[SourceVersion "1"]
[SourceVersionDate "2017.10.13"]
[SourceQuality "1"]

1. d4 Nf6 2. Nf3 g6 3. c4 c5 4. e3 Bg7 5. Nc3 0-0 6. d5 d6 7. Bd3 e6 8. e4 exd5 9. cxd5 a6 10. a4 Bg4 11. 0-0 Nbd7 12. Be2 Re8 13. h3 Bxf3 14. Bxf3 Rb8 15. a5 Qc7 16. Bf4 Ne5 17. Be2 Nfd7 18. Qd2 Ra8 19. Bh6 Nf6 20. Bxg7 Kxg7 21. f4 Ned7 22. g4 Nxe4 23. Nxe4 Rxe4 24. f5 Rae8 25. Bf3 R4e5 26. fxg6 hxg6 27. Qc3 Kg8 28. Bg2 Nf8 29. Ra4 Nh7 30. Raf4 R8e7 31. h4 b6 32. axb6 Qxb6 33. Ra1 Ra7 34. Rfa4 Re8 35. Kh2 Qb5 36. Bf1 Qd7 37. Qf3 Rea8 38. Rxa6 Rxa6 39. Rxa6 Rxa6 40. Bxa6 Qe7 41. Kh3 Qe5 42. b3 Nf6 43. Bc4 Ne4 44. Qg2 Qf4 45. Qg1 Nf2+ 46. Kg2 Nxg4 47. h5 Ne3+ 48. Kh3 Qf3+ 49. Kh4 Ng2+ 50. Kg5 Qf4# 0-1